[Event "Piestany op-B"]
[Site "Piestany"]
[Date "2023.07.14"]
[Round "4"]
[White "Gay, Lukas"]
[Black "Meszaros, Casey Ryan"]
[Result "1/2-1/2"]
[WhiteElo "1744"]
[BlackElo "1939"]
[PlyCount "66"]
[EventDate "2023.07.11"]
[EventType "swiss"]
[EventRounds "9"]
[EventCountry "SVK"]
[SourceTitle "EXT 2024"]
[Source "ChessBase"]
[SourceDate "2023.10.10"]
[SourceVersion "1"]
[SourceVersionDate "2023.10.10"]
[SourceQuality "1"]

1. e4 c6 2. d4 d5 3. Nc3 dxe4 4. Nxe4 Nf6 5. Nxf6+ exf6 6. Bc4 Bd6 7. Nf3 0-0 8. 0-0 Nd7 9. c3 Nb6 10. Bb3 Bg4 11. Qd3 Bh5 12. Nh4 Re8 13. Bc2 Bg6 14. Nxg6 hxg6 15. h4 f5 16. Qh3 Be7 17. h5 gxh5 18. Qxh5 g6 19. Qh6 Bf6 20. Bb3 Nd5 21. Bxd5 cxd5 22. Qh3 Re4 23. Qf3 Qb6 24. b3 a5 25. Bd2 a4 26. Rfb1 axb3 27. Rxb3 Qxb3 28. axb3 Rxa1+ 29. Kh2 Ra2 30. Qd3 Rh4+ 31. Kg3 Rg4+ 32. Kh2 Rh4+ 33. Kg3 Rg4+ 1/2-1/2

[Event "SVK-ch Amateurs"]
[Site "Liptovsky Jan"]
[Date "2023.06.16"]
[Round "4"]
[White "Gay, Lukas"]
[Black "Dzimko, Adam"]
[Result "1-0"]
[WhiteElo "1640"]
[BlackElo "1366"]
[PlyCount "49"]
[EventDate "2023.06.15"]
[EventType "swiss"]
[EventRounds "8"]
[EventCountry "SVK"]
[SourceTitle "CBM 214 Extra"]
[Source "ChessBase"]
[SourceDate "2023.07.31"]
[SourceVersion "1"]
[SourceVersionDate "2023.07.31"]
[SourceQuality "1"]

1. e4 e5 2. Nf3 Nc6 3. Bb5 Nge7 4. c3 f5 5. d3 a6 6. Ba4 d6 7. Bb3 d5 8. exd5 Nxd5 9. Qe2 Qd6 10. Nxe5 Qxe5 11. Bxd5 Qxe2+ 12. Kxe2 Bd7 13. Re1 0-0-0 14. Kf1 Bd6 15. Bg5 Rdf8 16. Bxc6 Bxc6 17. Be7 Bxh2 18. Bxf8 Rxf8 19. Nd2 g5 20. Re7 h5 21. Nf3 Bd6 22. Rh7 h4 23. Nd4 Bd5 24. Re1 c5 25. Nxf5 1-0